Science Quiz

Random Science or Math Quiz
Score 0/24 Timer 04:00
2 Plays Today
__ I __ Hint % Correct
Two children born at the same timeTwins
81.9%
Connection between two bonesJoint
81.9%
Small yellow flower with white petalsDaisy
80.8%
Constellation between Pisces and TaurusAries
78.6%
Blood vessels that carries blood Veins
75.4%
Liquid excretory productUrine
75%
2, 3, 5, 7, 11 ...Prime
73.9%
Constellation that contains BetelgeuseOrion
73.5%
Salty waterBrine
67.7%
II x IX (Roman math)XVIII
62.5%
Vertebrae found in the backSpine
61.9%
Double Helix scientistCrick
60.4%
__ I __ Hint % Correct
Electrical or acoustic activityNoise
57.2%
Thick-skinned herbivorous ungulateRhino
52.7%
Pigmented filaments found on mammalsHairs
52.2%
Carpus or carpal bonesWrist
51.4%
Annual cereal grassMaize
46.9%
Five children born at the same timeQuins
39.6%
Hard stone; a form of silicaFlint
35%
Largest part of the hip boneIlium
34.3%
Electrical transmission linesGrids
29.8%
Lower part of the abdomenLoins
21.3%
Evergreen shrub (or girl's name)Erica
19.7%
Unit of length equal to 1000 metersKlick
13%
Remove Ads.
Support Sporcle.
Get the best of Sporcle when you Go Orange. This ad-free experience offers more features, more stats, and more fun while also helping to support Sporcle. Thank you for becoming a member.

You're not logged in!

Compare scores with friends on all Sporcle quizzes.
OR
Log In

Show Comments

Extras

Top Quizzes Today


Score Distribution

Your Account Isn't Verified!

In order to create a playlist on Sporcle, you need to verify the email address you used during registration. Go to your Sporcle Settings to finish the process.

Report this User

Report this user for behavior that violates our Community Guidelines.

Details: